000 00386 a2200169 4500
001 191458
020 _a978-85-7406-404-8
040 _cMagnum
100 _aSá Rego, Karin
240 1 0 _aPalavrinha ou palavrão?
_lpor
245 1 0 _aPalavrinha ou palavrão?
300 _a44
362 0 _a2010
440 1 _aCompanhia das Letrinhas
697 _aLITERATURA INFANTO
942 _cBK
999 _c191458
_d191458